000 00278nam a22001217a 4500
008 170403b xxu||||| |||| 00| 0 eng d
041 _aeng
080 _a574
100 _a9
101 _aSHM
245 _aINTERNATIONAL WATERS INN SOUTHERN AFRICA
_cNAKAYAMA.M
942 _2udc
_cBK
999 _c9494
_d9494